000 00264nam a2200109Ia 4500
008 220204s9999 xx 000 0 und d
082 _a82-3
_bBAG
100 _aBagley, Desmond
245 0 _aWyatt's hurricane
260 _aGreat Britain
_bFontana
_c1976
942 _cBK
999 _c29252
_d29252